000
00215 a2200097 4500
001
28311
100
_a
Chandhary, N A
245
_a
Computer Programming in Plan
260
_a
_b
Nazir Ahmed
_c
090
_c
18920
_d
18920
942
_a
NUST-CAE
_c
M
_c
9914
999
_c
263384
_d
263384